Представление документа в формате MARC21

Поле Инд. ПП Название Значение
Тип записи a
Библиографический уровень m
001 Контрольный номер 4a2901af4c384208a03a3a46625eaeba
005 Дата корректировки 20230619141429.5
008 Кодируемые данные 230619s1976 ru |||||||||||000|||rus|d
040 a Служба первич. каталог. ЦГБ г. В. Луки
b Код языка каталог. rus
041 0_ a Код языка текста rus
084 2 Источник индекса rubbk
a Индекс другой классификации/Индекс ББК 65.049(2)я73
090 x Авторский знак С 89
j Имя библиотеки ЦГБ г. В. Луки
097 b Оператор САВ-р
100 1_ a Автор Суворова Г. Т.
245 10 a Заглавие Экономическая гееография
b Продолж. заглавия учебник для вузов
c Ответственность Г. Т. Суворова
260 a Место издания Москва
b Издательство Экономика
c Дата издания 1976
300 a Объем 255 с.
b Иллюстрации/ тип воспроизводства ил.
650 14 a Основная рубрика Экономическая география
653 1_ a Ключевые слова экономическая география
901 t Тип документа m